20 Länder mit der niedrigsten Walddichte - Statistiken

Allgemein
  • Dieses Quiz wurde 252 mal gespielt
  • Das Durchschnittsergebnis liegt bei 13 aus 20
Antwortstatistiken
Platz Waldfläche in km² Anteil der Landfläche des Waldes Antwort % Korrekt
10. 9.770 0,5% Saudi-Arabien
83%
4. 730 0,1% Ägypten
81%
1. 0 0% Katar
78%
3. 20 0% Oman
78%
14. 5.490 1% Jemen
77%
8. 63 0,4% Kuwait
76%
12. 19.560 0,8% Algerien
75%
11. 6 0,8% Bahrain
74%
19. 8.250 1,9% Irak
74%
5. 2.170 0,1% Libyen
72%
1. 0 0% Monaco
71%
7. 2.245 0,2% Mauretanien
67%
13. 11.420 0,9% Niger
66%
16. 975 1,1% Jordanien
65%
9. 492 0,5% Island
48%
15. 4 1,1% Malta
47%
17. 33.090 1,2% Kasachstan
44%
6. 56 0,2% Dschibuti
41%
20. 14.720 1,9% Pakistan
35%
18. 490 1,6% Lesotho
26%
Keine übereinstimmenden Quizze gefunden
Verteilung der Resultate
Anzahl Personen mit jedem Resultat
Perzentil nach korrekt beantworteten Fragen
Ihre Resultats-Entwicklung
Sie haben dieses Quiz noch nicht gespielt